00412nam a22001457a 4500003000400000020001800004082001400022100004000036245006900076260006200145300000800207650002200215942001200237999001700249SGT a9789380455785 a320bS14G aगुप्ता, एच. पी. aसपनों का प्रधानमंत्री 2014 bउद्योग नगर प्रकाशन c2014 a304 aPOLITICAL SCIENCE 2ddccBK c27351d27351